| 000 | 00737nam a2200205 i 4500 | ||
|---|---|---|---|
| 001 | 34571 | ||
| 003 | ES-MaACL | ||
| 005 | 20250929063103.0 | ||
| 007 | t| | ||
| 008 | 030207s1955 sp ||||1| spa d | ||
| 100 | 1 |
_aDufoyer, Pierre, _d1898-1959 _9171461 |
|
| 245 | 1 | 0 |
_aPsicología de los adolescentes explicada a las madres / _cpor René Boigelot, Ángel del Hogar [seud.]. |
| 260 |
_aBilbao : _bDesclée de Brouwer, _c1955 ( _fGráf. Bilbao) |
||
| 300 |
_a132 p. ; _c18 cm. |
||
| 490 | 1 |
_aEducación y familia. Segunda serie ; _v5 |
|
| 650 | 0 | 0 |
_aAdolescentes- _xPsicología. _99649 |
| 830 | 1 | 0 |
_aColección educación y familia (Desclée de Brouwer) _v5 _9182029 |
| 852 |
_aES-MaACL _jC-11083 |
||
| 999 |
_c34571 _d34571 |
||